| 000 | 00975nam a2200241 a 4500 | ||
|---|---|---|---|
| 001 | 000025129 | ||
| 005 | 20200930023558.0 | ||
| 008 | 110210s1951 sp r 001 0 spa d | ||
| 040 |
_aDO-SdBNP _bspa _cBNPHU |
||
| 082 |
_axxxxx _bS511e |
||
| 100 | 1 |
_aSevilla, San Isidro de _951513 |
|
| 245 | 1 | 0 |
_aEtimologías / _ctraducción Luis Cortés y Góngora , introducción Santiago montero Díaz. |
| 260 |
_aMadrid : _bBiblioteca de Autores Cristianos, _c1951. |
||
| 300 |
_axx, 563 p. ; _c20 cm. |
||
| 500 | _aIncluye índice de tecnicismos. | ||
| 500 | _aIncluye índice de nombres propios de personas. | ||
| 500 | _aIncluye índice de nombres de lugares. | ||
| 500 | _aIncluye índice de nombres propios y de lugar en la introducción, notas, bibliografía y comentarios. | ||
| 504 | _aIncluye referencias bibliográficas y notas al pie de las páginas. | ||
| 700 | 1 |
_aCortés y Góngora, Luis, _etr. _951514 |
|
| 700 | 1 |
_aMontero Díaz, Santiago _951515 |
|
| 049 | _aBNGR | ||
| 999 |
_c24622 _d24622 |
||